[Event "Ronne Jubilaum"]
[Site "Ronne"]
[Date "2001.06.30"]
[Round "9"]
[White "Hauschild, Andreas"]
[Black "Carlsen, Magnus"]
[Result "1-0"]
[WhiteElo "2290"]
[BlackElo "2288"]
[PlyCount "93"]
[EventDate "2001.06.24"]
[EventType "swiss"]
[EventRounds "9"]
[EventCountry "DEN"]
[SourceTitle "EXT 2023"]
[Source "ChessBase"]
[SourceDate "2022.10.05"]
[SourceVersion "1"]
[SourceVersionDate "2022.10.05"]
[SourceQuality "1"]

1. d4 d5 2. c4 e6 3. Nc3 Nf6 4. Bg5 Be7 5. e3 O-O 6. Qc2 h6 7. Bh4 b6 8. Rc1 ({RR} 8. cxd5 Nxd5 9. Bxe7 Qxe7 10. Rc1 c6 11. Nf3 Bb7 12. Qd2 Nxc3 13. Qxc3 Nd7 14. Be2 c5 15. Qa3 Rfc8 16. O-O Kf8 17. Ba6 Bxa6 18. Qxa6 Rc7 19. Rc2 Rac8 20. Rfc1 g6 21. h3 Nb8 22. Qa3 a5 {Predke,A (2662)-Aleksandrov,A (2525) Cheliabinsk 2021 1-0 (48)}) ({RR} 8. cxd5 Nxd5 9. Bxe7 Qxe7 10. Rc1 c5 11. dxc5 Qxc5 12. Nxd5 Qxd5 13. Be2 Na6 14. Bf3 Qa5+ 15. Qc3 Rb8 16. a3 Bd7 17. b4 Qf5 18. Qd2 Rbc8 19. Rxc8 Bxc8 20. Qc1 Bd7 21. Ne2 Rc8 22. Qd1 Nb8 {Agdestein,S (2563)-Laurent-Paoli,P (2560) Sestao ESP 2025 ½-½ (35)}) 8... Bb7 $146 ({RR} 8... c5 9. cxd5 cxd4 10. exd4 Nxd5 11. Bxe7 Qxe7 12. Nf3 Bb7 13. Be2 Nd7 14. Nxd5 Bxd5 15. Qa4 Nf6 16. O-O Bxf3 17. Bxf3 Rac8 18. Rc3 Nd5 19. Bxd5 exd5 20. Qc2 Rxc3 21. Qxc3 Re8 22. Rc1 Qf6 23. Qd2 {Pudlo,E (2050)-Zeberski,J (2095) Augustow 1996 ½-½ (31)}) 9. Nf3 Nbd7 10. cxd5 exd5 11. Bd3 c5 12. O-O Rc8 13. Bf5 cxd4 14. exd4 Ne4 15. Bxe7 Qxe7 16. Ne5 Nxe5 17. Bxc8 Rxc8 18. Rfe1 Qg5 19. dxe5 Nxc3 20. bxc3 d4 21. f4 Qxf4 22. Qf2 Qxf2+ 23. Kxf2 dxc3 24. Re3 Bd5 25. Rexc3 Rxc3 26. Rxc3 Bxa2 27. Ra3 Be6 28. Rxa7 b5 29. Rb7 Bc4 30. Ke3 Kh7 31. h4 Kg6 32. g4 h5 33. Rb6+ Be6 34. g5 Kf5 35. Rxb5 g6 36. Kf3 Bc4 37. Rc5 Ba2 38. e6+ Kxe6 39. Kf4 Kd6 40. Ra5 Bb3 41. Ke4 Bc2+ 42. Kd4 Ke6 43. Ra2 Bb1 44. Rb2 Bf5 45. Rb6+ Ke7 46. Ke5 Bg4 47. Rb7+ 1-0

[Event "NOR Championship Group Elite"]
[Site "Roros"]
[Date "2002.07.08"]
[Round "3"]
[White "Carlsen, Magnus"]
[Black "Hansen, Torbjorn Ringdal"]
[Result "1/2-1/2"]
[WhiteElo "2214"]
[BlackElo "2280"]
[PlyCount "47"]
[EventDate "2002.07.06"]
[EventType "swiss"]
[EventRounds "9"]
[EventCountry "NOR"]
[SourceTitle "EXT 2023"]
[Source "ChessBase"]
[SourceDate "2022.10.05"]
[SourceVersion "1"]
[SourceVersionDate "2022.10.05"]
[SourceQuality "1"]

1. d4 Nf6 2. c4 e6 3. Nf3 Bb4+ 4. Bd2 Qe7 5. g3 Nc6 6. Nc3 d5 7. Bg2 O-O 8. O-O dxc4 9. Bg5 ({RR} 9. Qc2 Rb8 10. a3 Bxc3 11. Bxc3 Rd8 12. Rfc1 b5 13. b3 cxb3 14. Qxb3 a5 15. Bb2 Bb7 16. Rc5 Nxd4 17. Bxd4 Bxf3 18. Bxf3 Rxd4 19. Rxb5 Rbd8 20. Rxa5 e5 21. h3 e4 22. Bg2 h5 23. e3 Rd2 {Rustemov,A (2525)-Caruana,F (2792) Chess.com INT 2022 0-1}) 9... Bxc3 10. bxc3 e5 ({RR} 10... Rb8 11. e4 h6 12. Bxf6 Qxf6 13. e5 Qe7 14. Nd2 Na5 15. f4 b6 16. Qe2 c5 17. f5 exf5 18. d5 Re8 19. Rae1 b5 20. Nf3 b4 21. Nh4 g6 22. Qe3 Kg7 23. e6 Qd6 24. Rxf5 fxe6 25. Re5 {Soza de la Carrera,J (2221)-Aalto,P (2316) chess.com INT 2025 1-0 (38)}) 11. d5 $146 ({RR} 11. Qa4 exd4 12. cxd4 Qb4 13. Qxb4 Nxb4 14. Rfc1 b5 15. a4 c6 16. Ne5 Rb8 17. Bd2 bxa4 18. Rxa4 Nbd5 19. e4 Rb2 20. Nxc4 {1-0 (20) Petkov,V (2464)-Costa,P (2037) Vila Nova de Famalicao POR 2023}) ({RR} 11. Qa4 exd4 12. cxd4 Qb4 13. Qxb4 Nxb4 14. Rfc1 b5 15. a4 c6 16. Ne5 Rb8 17. Bd2 bxa4 18. Rxa4 Nbd5 19. e4 Rb2 20. Nxc4 {1-0 (20) Petkov,V (2464)-Costa,P (2037) Vila Nova de Famalicao POR 2023}) 11... Na5 12. Nd2 Bf5 13. Qa4 b6 14. d6 Qe8 15. Qa3 Rc8 16. Bxf6 gxf6 17. Ne4 Bxe4 18. Bxe4 cxd6 19. Qxd6 Qe6 20. Qd2 Rcd8 21. Qc2 h6 22. Bf5 Qc6 23. Be4 Qe6 24. Bf5 1/2-1/2

[Event "NOR Championship Group Elite"]
[Site "Roros"]
[Date "2002.07.09"]
[Round "5"]
[White "Henriksen, Geir Ivar"]
[Black "Carlsen, Magnus"]
[Result "1/2-1/2"]
[WhiteElo "2209"]
[BlackElo "2214"]
[PlyCount "157"]
[EventDate "2002.07.06"]
[EventType "swiss"]
[EventRounds "9"]
[EventCountry "NOR"]
[SourceTitle "EXT 2023"]
[Source "ChessBase"]
[SourceDate "2022.10.05"]
[SourceVersion "1"]
[SourceVersionDate "2022.10.05"]
[SourceQuality "1"]

1. d4 d5 2. c4 c6 3. Nf3 Nf6 4. Nc3 a6 5. e3 b5 6. b3 Bg4 7. Be2 e6 8. O-O Nbd7 9. h3 Bh5 10. Ne5 Bxe2 11. Nxe2 Nxe5 12. dxe5 Nd7 13. Bb2 ({RR} 13. cxd5 cxd5 14. Bb2 Bc5 15. Nf4 Qg5 16. Rc1 O-O 17. Rc2 Rfc8 18. Qe2 Bf8 19. Nd3 Nb6 20. Rfc1 Rxc2 21. Rxc2 Rc8 22. Rxc8 Nxc8 23. Qc2 Ne7 24. Ba3 Qf5 25. Qc3 a5 26. Bd6 b4 27. Qc7 Qxd3 {Akopian,V (2660)-Vaganian,R (2640) Groningen 1997 ½-½ (42)}) 13... Be7 14. cxd5 cxd5 15. Nf4 Bg5 $146 ({RR} 15... O-O 16. Qg4 Ra7 17. Rac1 Kh8 18. Rc6 Qb8 19. Nh5 g6 20. Nf4 Rc8 21. Rxc8+ Qxc8 22. Rc1 Qf8 23. Bd4 Rb7 24. Nxe6 fxe6 25. Qxe6 Kg7 26. Qxa6 Qb8 27. Qe6 Nf8 28. Qxd5 b4 29. Rc6 Rb5 30. Qc4 {Wells,P (2493)-Epishin,V (2633) Catalan Bay 2004 1-0 (39)}) ({RR} 15... O-O 16. Qg4 Kh8 17. Rad1 Nc5 18. b4 Na4 19. Ba1 Qc7 20. Rd4 Rac8 21. Nh5 g6 22. Nf6 Bxf6 23. exf6 Qe5 24. e4 Nc3 25. Bxc3 Rxc3 26. exd5 exd5 27. Qh4 h5 28. Rfd1 Rc4 29. g3 Rd8 30. Kg2 {Borgo,G (2414)-Braun,A (2455) Zemplinska Sirava 2004 0-1 (51)}) 16. Nd3 Be7 17. Rc1 O-O 18. Bd4 Qa5 19. Qc2 Ba3 20. Qc7 Qxc7 21. Rxc7 Rfd8 22. b4 Rac8 23. Ra7 Nb8 24. Bc5 Rd7 25. Ra8 Rdc7 26. Rb1 Nd7 27. Rxa6 Nxc5 28. bxc5 Bxc5 29. Rxb5 Bf8 30. Rab6 Ra8 31. Rb8 Rca7 32. Rxa8 Rxa8 33. Nc5 g6 34. Nb7 Rxa2 35. Nd6 Ra1+ 36. Kh2 Ra2 37. Kg3 Ra3 38. Kf4 Ra2 39. Kf3 Ra7 40. Kf4 Ra2 41. Kf3 Ra7 42. g3 h5 43. g4 hxg4+ 44. hxg4 Kg7 45. g5 Bxd6 46. exd6 Rd7 47. Rb6 e5 48. Rc6 Rd8 49. Ke2 f6 50. f4 exf4 51. exf4 fxg5 52. fxg5 Kf7 53. Kd3 Rd7 54. Kd4 Ke6 55. Rc8 Rxd6 56. Rf8 Ke7 57. Rf2 Ra6 58. Kxd5 Ra5+ 59. Ke4 Rxg5 60. Rf3 Rg1 61. Ke3 Ke6 62. Kf2 Rg5 63. Rb3 Kf6 64. Kf3 Kg7 65. Rb8 Kh6 66. Kf4 Rg1 67. Ra8 Kg7 68. Rb8 Kf7 69. Rb7+ Kf6 70. Rb6+ Kg7 71. Rb8 Rg2 72. Ra8 Rb2 73. Kg5 Rb7 74. Ra5 Rf7 75. Rb5 Ra7 76. Rc5 Ra6 77. Rc7+ Kf8 78. Rc8+ Kf7 79. Rc7+ 1/2-1/2

[Event "NOR Championship Group Elite"]
[Site "Roros"]
[Date "2002.07.10"]
[Round "6"]
[White "Carlsen, Magnus"]
[Black "Ekeberg, Carl Fredrik"]
[Result "1-0"]
[WhiteElo "2214"]
[BlackElo "2213"]
[PlyCount "83"]
[EventDate "2002.07.06"]
[EventType "swiss"]
[EventRounds "9"]
[EventCountry "NOR"]
[SourceTitle "EXT 2023"]
[Source "ChessBase"]
[SourceDate "2022.10.05"]
[SourceVersion "1"]
[SourceVersionDate "2022.10.05"]
[SourceQuality "1"]

1. d4 {Ftacnik,Lubomir} Nf6 2. c4 g6 3. g3 Bg7 4. Bg2 d5 5. cxd5 Nxd5 6. e4 Nb6 7. Ne2 e5 8. d5 O-O 9. O-O c6 10. Nbc3 cxd5 11. exd5 Nc4 ({RR} 11... Na6 12. b3 f5 ({RR} 12... Bf5 13. Be3 ({RR} 13. Ba3 Re8 14. d6 Qd7 15. Nd5 Nc8 16. Ne7+ Nxe7 17. dxe7 Rxe7 18. Bxe7 Qxe7 19. Qd5 Nb4 20. Qxb7 Qxb7 21. Bxb7 Rb8 22. Bg2 Bd3 23. Nc3 Bxf1 24. Rxf1 Rd8 25. Nd5 Nxd5 26. Rd1) 13... Qd7 14. a4 Bh3 15. Ra2 Bxg2 16. Kxg2 Rfd8 17. Rd2 Nc8 18. Ne4 Nd6 19. Nxd6 Qxd6 20. Nc3 b6 21. Nb5 Qb4 22. d6) 13. Ba3 ({RR} 13. a4 f4 14. a5 f3 15. axb6 fxg2 16. Kxg2 e4 17. Nd4 h5 18. h3 Qxb6 19. Be3 Qd8 20. Qe2 Qd7 21. Rh1 Qf7 22. Rad1) 13... Rf7 ({RR} 13... Re8 14. Qd2 Bd7 15. Rad1 Qf6 16. d6 Rab8 17. Nd5 Nxd5 18. Bxd5+ Kh8 19. Qe3 b6 20. Bc4 Nc5 21. Bxc5 f4) 14. Nb5 ({RR} 14. Rc1 f4 15. f3 Bf8 16. d6 g5 17. Ne4 Be6 18. N2c3 h6 19. Rf2 Nb8 20. Rd2 Nc6 21. Nb5 Bf5) 14... Bf8 ({RR} 14... e4 15. Nec3 ({RR} 15. Rc1 Bh6 16. Rc2 Qxd5) 15... Nc7 16. Rc1 a6 17. Nxc7 Rxc7 18. Qd2 Be6 19. d6 Rc6) 15. Bb2 Nc7 ({RR} 15... Bd7 16. a4 e4 17. f3) ({RR} 15... Bg7 16. Qd2) 16. Nxc7 Qxc7 17. a4 Bd6 ({RR} 17... f4 18. Rc1 Qd8 19. gxf4 exf4 20. Nd4) 18. Nd4 a6 ({RR} 18... exd4 19. Qxd4 Kf8 20. Qh8+ Ke7 21. Rfe1+ Be6 22. Qd4) ({RR} 18... Bd7 19. Ne6 Qb8 20. a5 Nc8 21. f4) 19. Ne6 Qb8 ({RR} 19... Bxe6 20. dxe6 Re7 21. Rc1 Qb8 22. a5 Nc8 23. Bxe5 Bxe5 24. Qd8+ Kg7 25. Rxc8 Qxc8 26. Qxe7+ Kh8 27. Bxb7) 20. Rc1 {1-0 (20) Tkachiev,V (2648)-David,A (2544) Cannes 1999 CBM 074 [Ftacnik,Lubomir]} {RR} Re7 21. f4) ({RR} 11... f5 12. b3 Na6 13. Ba3 Rf7 14. Qd2 Nc7 15. Rad1 Rb8 16. d6 Ne6 17. Nb5 a6 18. Nc7 Bd7 19. Qa5 Na8 20. Rc1 e4 21. Rfd1 b6 22. Qxa6 Naxc7 23. dxc7 Nxc7 24. Qa7 Rc8 25. Nf4 Be5 26. Bf1 {Richardson,J (2292)-Thomas,A (2144) chess.com INT 2024 1-0 (33)}) ({RR} 11... Na6 12. a4 Bf5 13. b3 Qd7 14. Ba3 Rfd8 15. Re1 Bh3 16. Bh1 Qg4 17. a5 Nc8 18. Bc1 Qh5 19. Ra4 Bg4 20. Qc2 Nd6 21. Ne4 Rac8 22. Qd2 Bxe2 23. Nxd6 Rxd6 24. Rh4 Qf5 25. Rxe2 Qb1 26. Rc4 {Borchgrevink,H (2227)-Ekeberg,C (2298) Copenhagen 2004 1-0 (54)}) 12. b3 Nd6 13. Ba3 f5 $146 ({RR} 13... Bf5 14. Qd2 Na6 15. h3 h5 16. Rac1 Re8 17. Kh2 Rc8 18. Qe3 b6 19. Ne4 Nb5 20. Bb2 Bxe4 21. Qxe4 Nd4 22. Rxc8 Qxc8 23. Nxd4 exd4 24. Qd3 Nc5 25. Qd1 Qa6 26. Bxd4 Bxd4 27. Qxd4 Qxa2 28. b4 {Shestoperov,A-Goldberg,G Moscow 1955 0-1 (44)}) ({RR} 13... Re8 14. Rc1 Na6 15. Qd2 Bf5 16. h3 h5 17. Qe3 Nc7 18. Rfd1 Bf8 19. Bb2 Re7 20. Kh2 Nce8 21. f4 exf4 22. Qxf4 Bg7 23. Qd2 Nf6 24. Ba3 Kh7 25. Nf4 Rc8 26. Bxd6 Qxd6 27. Nb5 Qb6 28. Rxc8 {Gorse,G (2049)-Pribyl,J (2429) Triesen 2006 0-1 (55)}) 14. Rc1 Na6 15. Bxd6 Qxd6 16. Nb5 Qb6 17. a4 Bd7 18. d6 e4 19. Nf4 Nb4 20. Nc7 Rad8 21. Ncd5 Qxd6 22. Nxb4 Qxb4 23. Rc7 Bc8 24. Nd5 Qd4 25. Ne7+ Kh8 26. Qc1 Be6 27. Rxb7 Qd6 28. Rxa7 Rf7 29. Nc6 Rc8 30. Rxf7 Bxf7 31. Ne5 Qe6 32. Nxf7+ Kg8 33. Nh6+ Kh8 34. Nf7+ Kg8 35. Ng5 Qd7 36. Qd1 Qc6 37. b4 h6 38. Qb3+ Kh8 39. Ne6 Bf6 40. b5 Qb6 41. Nf4 Be5 42. a5 1-0

[Event "Bergen Sommer op"]
[Site "Bergen"]
[Date "2002.07.26"]
[Round "7"]
[White "Lahlum, Hans Olav"]
[Black "Carlsen, Magnus"]
[Result "1/2-1/2"]
[WhiteElo "2217"]
[BlackElo "2214"]
[PlyCount "73"]
[EventDate "2002.07.20"]
[EventType "swiss"]
[EventRounds "9"]
[EventCountry "NOR"]
[SourceTitle "CBM 089 Extra"]
[Source "ChessBase"]
[SourceDate "2002.09.10"]
[SourceVersion "2"]
[SourceVersionDate "2002.09.10"]
[SourceQuality "1"]

1. d4 d5 2. c4 c6 3. Nc3 Nf6 4. e3 a6 5. Nf3 b5 6. b3 Bg4 7. Be2 e6 8. O-O Nbd7 9. h3 Bh5 10. Bb2 Be7 ({RR} 10... Qb8 11. c5 a5 12. Rc1 b4 13. Na4 Be7 14. Ne5 Bxe2 15. Qxe2 Nxe5 16. dxe5 Nd7 17. f4 O-O 18. Qg4 Kh8 19. Bd4 g6 20. Qe2 Qc7 21. g4 Rae8 22. g5 h6 23. h4 hxg5 24. hxg5 Kg7 25. Kg2 {Wang,H (2743)-Karjakin,S (2767) Stavanger 2013 0-1 (51)}) 11. Rc1 ({RR} 11. Nd2 Bxe2 12. Qxe2 Rb8 13. Rab1 O-O 14. e4 Bb4 15. e5 Ne8 16. a3 Ba5 17. b4 Bc7 18. c5 Qe7 19. Rbe1 a5 20. f4 g6 21. Nf3 Ng7 22. g4 f6 23. Bc1 f5 24. Bd2 Ra8 25. Ra1 Ra7 {Tologontegin,S (2337)-Janik,I (2502) chess.com INT 2024 ½-½ (60)}) 11... O-O 12. Qc2 $146 ({RR} 12. Ne5 Bxe2 13. Nxe2 Qb6 14. cxb5 cxb5 15. Rc6 Qb7 16. Qc2 Rac8 17. Rc1 Rxc6 18. Qxc6 Qxc6 19. Rxc6 Nb8 20. Rb6 Rc8 21. Nf4 Ne8 22. Rb7 Nc7 23. Bc3 g5 24. Ba5 {1-0 (24) Studnicka,T (2320)-Kulovana,E (2287) Czech Republic 2010}) ({RR} 12. Ne5 Bxe2 13. Nxe2 Nxe5 14. dxe5 Nd7 15. Nd4 Qb6 16. cxd5 cxd5 17. Rc6 Qb7 18. Qc2 Ra7 19. Rc1 Nxe5 20. Nxe6 Qxc6 21. Nxf8 Qxc2 22. Rxc2 Nc4 23. Bd4 Rb7 24. bxc4 dxc4 25. Nxh7 Kxh7 26. f4 Ba3 {Wells,P (2530)-Gormally,D (2415) Torquay 1998 0-1 (41)}) 12... Rc8 13. c5 Qc7 14. b4 a5 15. a3 Ra8 16. Kh1 axb4 17. axb4 Ne4 18. Ng1 Bg6 19. Bd3 Nxc3 20. Qxc3 Bxd3 21. Qxd3 Ra4 22. Qc3 Nf6 23. f3 Rfa8 24. Ne2 Nd7 25. e4 Ra2 26. Qb3 R2a6 27. Nc3 Bg5 28. Rcd1 Bf4 29. Ne2 Bg5 30. f4 Be7 31. e5 Nf8 32. g4 f5 33. Rg1 Kh8 34. Qg3 Bd8 35. Nc3 Qf7 36. Rd2 Ng6 37. g5 1/2-1/2

[Event "Bergen Sommer op"]
[Site "Bergen"]
[Date "2002.07.28"]
[Round "9"]
[White "Yakovich, Yuri"]
[Black "Carlsen, Magnus"]
[Result "1-0"]
[WhiteElo "2586"]
[BlackElo "2214"]
[PlyCount "49"]
[EventDate "2002.07.20"]
[EventType "swiss"]
[EventRounds "9"]
[EventCountry "NOR"]
[SourceTitle "CBM 089 Extra"]
[Source "ChessBase"]
[SourceDate "2002.09.10"]
[SourceVersion "2"]
[SourceVersionDate "2002.09.10"]
[SourceQuality "1"]

1. d4 Nf6 2. c4 e6 3. Nf3 b6 4. Nc3 Bb7 5. a3 d5 6. cxd5 Nxd5 7. Qc2 Be7 8. e4 Nxc3 9. bxc3 c5 10. Bb5+ Bc6 11. Bd3 O-O 12. O-O ({RR} 12. Bf4 h6 13. O-O Nd7 14. d5 exd5 15. exd5 Bxd5 16. Rad1 Be6 17. Rfe1 Qc8 18. Bh7+ Kh8 19. Bf5 Nf6 20. Bxe6 fxe6 21. Ne5 Kg8 22. Bxh6 Qe8 23. Ng6 Rf7 24. Rxe6 gxh6 25. Rde1 {1-0 (25) Chen,Y (2163)-Chan,W (1933) Bengbu CHN 2025}) 12... cxd4 ({RR} 12... Bb7 13. d5 exd5 14. exd5 h6 15. Bf4 Bd6 16. Bxd6 Qxd6 17. c4 Nd7 18. Bh7+ Kh8 19. Bf5 Nf6 20. a4 Ba6 21. g3 Rac8 22. Rfe1 Kg8 23. Bd3 {½-½ (23) Milos,G (2596)-Mareco,S (2603) Buenos Aires 2010}) 13. cxd4 Bb7 14. Bf4 $146 ({RR} 14. Qe2 Nc6 15. Bb2 Bf6 16. Rad1 Na5 17. Rfe1 Re8 18. h4 Bxh4 19. Ne5 Bf6 20. Ng4 Bg5 21. g3 h5 22. Ne5 g6 23. Bb5 Rf8 24. d5 exd5 25. exd5 Qf6 26. f4 Bxf4 27. Nd7 {1-0 (27) Korobov,A (2661)-Simonian,H (2431) chess.com INT 2023}) ({RR} 14. Bb2 Nd7 15. Qe2 Rc8 16. Rad1 Qc7 17. Qe3 Rfe8 18. Rc1 Qb8 19. Bb5 Rxc1 20. Rxc1 Rd8 21. h3 Nf6 22. Bd3 Rc8 23. Re1 Qc7 24. Ne5 b5 25. Nf3 {½-½ (25) Cvitan,O (2520)-Zorko,J (2300) Nova Gorica 2005}) 14... Nc6 15. d5 exd5 16. exd5 Qxd5 17. Bxh7+ Kh8 18. Be4 Qc5 19. Qe2 f5 20. Bxc6 Bxc6 21. Ne5 Be8 22. Nd3 Qd5 23. Qxe7 Bc6 24. Qh4+ Kg8 25. Qg3 1-0

[Event "Team match"]
[Site "INT"]
[Date "2002.08.21"]
[Round "?"]
[White "Wang, Rui"]
[Black "Carlsen, Magnus"]
[Result "1-0"]
[WhiteElo "2503"]
[BlackElo "2214"]
[PlyCount "89"]
[EventDate "2002.08.21"]
[EventType "team-match"]
[EventRounds "1"]
[EventCountry "NET"]
[SourceTitle "EXT 2023"]
[Source "ChessBase"]
[SourceDate "2022.10.05"]
[SourceVersion "1"]
[SourceVersionDate "2022.10.05"]
[SourceQuality "1"]

1. d4 d5 2. c4 c6 3. Nc3 dxc4 4. a4 e5 5. dxe5 Qxd1+ 6. Nxd1 Na6 7. Ne3 Nc5 8. Bd2 Be6 9. Nf3 Nb3 10. Rd1 Bc5 11. Bc3 $146 ({RR} 11. Ng5 Nxd2 12. Kxd2 Nh6 13. Nxe6 fxe6 14. Kc3 Bxe3 15. fxe3 Ng4 16. Rd4 Nxe3 17. g3 Ke7 18. Kd2 Nf5 19. Rxc4 Rad8+ 20. Ke1 Ne3 21. Re4 Nc2+ 22. Kf2 Rhf8+ 23. Rf4 Rf5 24. Rxf5 exf5 25. Bh3 Ke6 {Blahynka,M (2369)-Gabriel,A (2147) Czech Republic CZE 2023 0-1 (55)}) ({RR} 11. Ng5 Nxd2 12. Kxd2 Nh6 13. Nxe6 fxe6 14. Kc3 Bxe3 15. fxe3 Ng4 16. Rd4 Nxe3 17. g3 Ke7 18. Kd2 Nf5 19. Rxc4 Rad8+ 20. Ke1 Ne3 21. Re4 Nc2+ 22. Kf2 Rhf8+ 23. Rf4 Rf5 24. Rxf5 exf5 25. Bh3 Ke6 {Blahynka,M (2369)-Gabriel,A (2147) Czech Republic CZE 2023 0-1 (55)}) 11... Bxe3 12. fxe3 Ne7 13. Nd2 Nd5 14. Nxc4 Nxc3 15. Nd6+ Ke7 16. bxc3 Nc5 17. a5 b6 18. a6 Nd7 19. e4 Nxe5 20. e3 Rhd8 21. Nf5+ Bxf5 22. exf5 Rxd1+ 23. Kxd1 Rd8+ 24. Kc1 Nd3+ 25. Kc2 Nf2 26. Rg1 Rd1 27. g4 Ra1 28. Kb2 Re1 29. Kc2 Rxe3 30. Bg2 Ne4 31. Kb2 Re2+ 32. Kb3 Nc5+ 33. Ka3 Nxa6 34. Bxc6 Nc5 35. h3 Re3 36. Kb2 Nd3+ 37. Kc2 Ne5 38. Bd5 Rxh3 39. g5 Kd6 40. Rd1 Kc5 41. Be4 Rh2+ 42. Kb3 Ng4 43. Rd5+ Kc6 44. Bf3 Ne3 45. Rd2+ 1-0

[Event "OSS Club Ch Group Master"]
[Site "Oslo"]
[Date "2002.09.26"]
[Round "1"]
[White "Johannessen, Leif Erlend"]
[Black "Carlsen, Magnus"]
[Result "1/2-1/2"]
[WhiteElo "2525"]
[BlackElo "2214"]
[PlyCount "61"]
[EventDate "2002.09.26"]
[EventType "swiss"]
[EventRounds "6"]
[EventCountry "NOR"]
[SourceTitle "EXT 2023"]
[Source "ChessBase"]
[SourceDate "2022.10.05"]
[SourceVersion "1"]
[SourceVersionDate "2022.10.05"]
[SourceQuality "1"]

1. d4 d5 2. c4 c6 3. Nf3 dxc4 4. e3 b5 5. a4 e6 6. axb5 cxb5 7. b3 Bb4+ 8. Bd2 Bxd2+ 9. Nbxd2 cxb3 10. Bxb5+ Bd7 11. Qxb3 Nf6 12. Ne5 O-O 13. Nxd7 $146 ({RR} 13. O-O Bxb5 14. Qxb5 Qd5 15. Rfb1 a6 {½-½ (15) Erkan,M-Baterowicz,M (1808) Parramatta 2009}) 13... Nbxd7 14. Bc6 Rc8 15. Bf3 e5 16. O-O exd4 17. exd4 Nb6 18. Qb4 Nbd5 19. Qa5 Nc3 20. Nb3 Qb6 21. Qxb6 axb6 22. Ra6 Ncd5 23. Raa1 Rc3 24. Rab1 Rfc8 25. Rfc1 g6 26. Kf1 R8c4 27. Rxc3 Rxc3 28. Nd2 Rd3 29. Nc4 Rxd4 30. Nxb6 Nxb6 31. Rxb6 1/2-1/2

[Event "OSS Club Ch Group Master"]
[Site "Oslo"]
[Date "2002.10.31"]
[Round "4"]
[White "Andreas, Guenter"]
[Black "Carlsen, Magnus"]
[Result "0-1"]
[WhiteElo "2287"]
[BlackElo "2250"]
[PlyCount "63"]
[EventDate "2002.09.26"]
[EventType "swiss"]
[EventRounds "6"]
[EventCountry "NOR"]
[SourceTitle "EXT 2023"]
[Source "ChessBase"]
[SourceDate "2022.10.05"]
[SourceVersion "1"]
[SourceVersionDate "2022.10.05"]
[SourceQuality "1"]

1. d4 d5 2. c4 c6 3. Nf3 Nf6 4. Nc3 a6 5. g3 dxc4 6. a4 g6 ({RR} 6... c5 7. d5 e6 8. e4 exd5 9. e5 Nfd7 10. Qxd5 Be7 11. Bxc4 O-O 12. O-O Nc6 13. Qe4 Kh8 14. Rd1 Qe8 15. Bf4 f5 16. Qe3 Nb6 17. Bb3 c4 18. Ba2 Bd8 19. h4 Be6 20. Ng5 Bg8 21. Bb1 {Grischuk,A (2795)-Morozevich,A (2724) Sochi 2014 1-0 (73)}) ({RR} 6... Nd5 7. Bg2 e6 8. Ne5 Bb4 9. Bd2 Bxc3 10. bxc3 b5 11. e4 Nb6 12. Qg4 O-O 13. Bh6 Qf6 14. Bg5 h5 15. Qh4 N8d7 16. Bxf6 Nxf6 17. a5 Na4 18. Nxc6 g6 19. Qxf6 {1-0 (19) George,K (2301)-Schuster,K (2266) chess.com INT 2025}) 7. e3 $146 ({RR} 7. a5 Bg7 8. Bg2 O-O 9. O-O Ne8 10. Qa4 Nd6 11. Rd1 Bf5 12. h3 Nd7 13. g4 Be4 14. Nxe4 Nxe4 15. Qxc4 Nd6 16. Qc2 e6 17. Bg5 Nf6 18. e3 Qc7 19. Ne5 Nd7 20. Nd3 Nb5 21. Bf4 Qd8 {Pashikian,A (2603)-Tomashevsky,E (2719) Legnica 2013 ½-½ (35)}) ({RR} 7. a5 Bg7 8. Bg2 O-O 9. O-O Ne8 10. Qa4 Nd6 11. Rd1 Nd7 12. Bf4 f6 13. Nd2 b5 14. axb6 Nxb6 15. Qb4 Be6 16. Bxd6 exd6 17. Bxc6 Rb8 18. Qa5 d5 19. e4 dxe4 20. Ndxe4 Bg4 21. Rd2 Bf3 {Sammalvuo,T (2453)-Tuominen,R (2294) Salo 2014 0-1}) 7... Be6 8. Ng5 Bd5 9. e4 h6 10. exd5 hxg5 11. dxc6 Nxc6 12. d5 Ne5 13. Bxg5 Qb6 14. Be2 Qxb2 15. Bd2 O-O-O 16. Rb1 Qa3 17. O-O Nxd5 18. Nxd5 Rxd5 19. Qc2 e6 20. f4 Qc5+ 21. Kg2 Qc6 22. Bf3 Nxf3 23. Rxf3 Rd3 24. Rbf1 Bc5 25. Be1 Rhd8 26. Qxc4 Re3 27. Bb4 Rxf3 28. Rxf3 Bxb4 29. Qxb4 Rd3 30. Qf8+ Kc7 31. Qxf7+ Kb6 32. Qxe6 0-1

[Event "OSS Club Ch Group Master"]
[Site "Oslo"]
[Date "2002.11.28"]
[Round "5"]
[White "Johansen, Oivind"]
[Black "Carlsen, Magnus"]
[Result "1-0"]
[WhiteElo "2247"]
[BlackElo "2250"]
[PlyCount "84"]
[EventDate "2002.09.26"]
[EventType "swiss"]
[EventRounds "6"]
[EventCountry "NOR"]
[SourceTitle "EXT 2023"]
[Source "ChessBase"]
[SourceDate "2022.10.05"]
[SourceVersion "1"]
[SourceVersionDate "2022.10.05"]
[SourceQuality "1"]

1. d4 Nf6 2. c4 e6 3. Nc3 Bb4 4. e3 b6 5. Bd3 Bb7 6. f3 c5 7. a3 Bxc3+ 8. bxc3 d6 ({RR} 8... d5 9. cxd5 exd5 10. Ne2 O-O 11. O-O Nc6 12. Ng3 Rc8 13. Ra2 Ne8 14. Rd2 Na5 15. Bf5 Rc7 16. e4 cxd4 17. Rxd4 Rxc3 18. Bd2 Rc4 19. Bxa5 Rxd4 20. Qxd4 bxa5 21. Qxa7 Qa8 22. Qb6 dxe4 23. Rb1 {Landa,K (2641)-Michalik,P (2508) Germany 2013 ½-½ (106)}) 9. Nh3 ({RR} 9. Ne2 Nc6 10. O-O Na5 11. e4 Qd7 12. Ng3 O-O-O 13. Be3 Kb8 14. a4 Rc8 15. f4 cxd4 16. cxd4 Nxc4 17. Bf2 d5 18. a5 dxe4 19. Bxc4 Rxc4 20. axb6 axb6 21. d5 Qxd5 22. Qb1 e3 23. Ne4 exf2+ {Manukyan,S (2216)-Leschinsky,G (1992) chess.com INT 2024 0-1 (56)}) 9... e5 $146 ({RR} 9... O-O 10. O-O Nc6 11. Bb2 cxd4 12. cxd4 e5 13. Rc1 Qe7 14. Nf2 Rac8 15. Qa4 Na5 16. Bc3 e4 17. Bxa5 bxa5 18. fxe4 Nxe4 19. Bxe4 Bxe4 20. Qxa5 Ba8 21. Rfe1 f5 22. d5 Rc5 23. Qd2 Qc7 24. Nd3 {Ganaus,H (2287)-Frank,E (1989) Linz 2011 1-0 (35)}) 10. d5 e4 11. Be2 Nbd7 12. f4 O-O 13. Qc2 b5 14. cxb5 Bxd5 15. c4 Be6 16. Nf2 Nb6 17. O-O a6 18. bxa6 Rxa6 19. a4 Qa8 20. Bb2 Ne8 21. a5 Nd7 22. Bc3 f5 23. h3 Nef6 24. Qd2 Qe8 25. Qd1 Qf7 26. Ra4 Rfa8 27. Qb3 Rb8 28. Qc2 Rba8 29. Qb3 R6a7 30. Rd1 d5 31. g4 fxg4 32. hxg4 Bxg4 33. Nxg4 Nxg4 34. Bxg4 Qg6 35. Rd2 h5 36. cxd5 hxg4 37. d6+ Qf7 38. Qxf7+ Kxf7 39. Rxe4 Nf6 40. Rc4 Re8 41. Bxf6 gxf6 42. Rxc5 Ke6 1-0